Body Molding Center : (Registro nro. 29536)

Detalles MARC
000 -LEADER
fixed length control field 02372nam a2200241 a 4500
005 - DATE AND TIME OF LATEST TRANSACTION
control field 20250405174608.0
008 - FIXED-LENGTH DATA ELEMENTS--GENERAL INFORMATION
fixed length control field 161103s2024 000 0 eng d
040 ## - CATALOGING SOURCE
Original cataloging agency CO-CtgCURN
Language of cataloging spa
Transcribing agency coctgcurn
082 0# - DEWEY DECIMAL CLASSIFICATION NUMBER
Classification number EST 2024
Item number C564
100 1# - MAIN ENTRY--PERSONAL NAME
Personal name Chávez Furnieles, Irina Alejandra.
245 10 - TITLE STATEMENT
Title Body Molding Center :
Remainder of title Avance de trabajo de grado /
Statement of responsibility, etc. Irina Alejandra Chávez Furnieles.
260 ## - PUBLICATION, DISTRIBUTION, ETC.
Place of publication, distribution, etc. Cartagena de Indias, D.T. :
Name of publisher, distributor, etc. Corporación Universitaria "Rafael Nuñez",
Date of publication, distribution, etc. 2024.
300 ## - PHYSICAL DESCRIPTION
Extent 22 hojas.
336 ## - CONTENT TYPE
Source rdacontent
337 ## - MEDIA TYPE
Source rdamedia
Media type term sin mediacion
Media type code n
338 ## - CARRIER TYPE
Source rdacarrier
Carrier type term volumen
Carrier type code nc
502 ## - DISSERTATION NOTE
Dissertation note Trabajo de grado (Tecnología en Estética y cosmetología). Corporación Universitaria "Rafael Nuñez" Facultad de Ciencias de la Salud. Programa de Tecnología en Estética y cosmetología, 2024.
520 ## - SUMMARY, ETC.
Summary, etc. En conclusión podemos destacar que el trabajo interdisciplinario medico-estético es de vital importancia para el avance y el crecimiento optimo de esta área, la estetocosmetologia actual esta regida por normativas tajantes que obligan a la esteticista a ir de la mano con el medico en una perfecta sinergia siempre en post del bienestar del usuario y los pacientes.Este trabajo interdisciplinario perfecciona , complementa y realza cada una de las áreas de la salud,evitando así que hoy día personas sin conocimiento y sin ética profesional se puedan apropiar de malamanera de esta área especifica de la salud, lo que conlleva no solamente a su mal uso si no a su mala reputación profesional. Es entonces pues la finalidad de esta proyecto capacitar, incentivar y transmitir a partir de nuestra experiencia empresarial y profesional a que siga en la búsqueda asertiva del trabajo interdisciplinario, en este momento capacitamos médicos en áreas estéticas pero también estetocosmetologas que quieren seguir avanzando, nuestra finalidad capacitar para que el día de mañana ellos también puedan hacerlo con las próximas generaciones en las diferentes áreas de la salud, mas que nuestra labor social es un compromiso profesional, nuestro lema AVANCE QUE DIOS NOS RESPALDA.
650 #0 - SUBJECT ADDED ENTRY--TOPICAL TERM
Topical term or geographic name entry element Estética y cosmetología
General subdivision Tesis y Disertaciones academicas.
856 7# - ELECTRONIC LOCATION AND ACCESS
Public note Clic aqui para ver el texto completo
942 ## - ADDED ENTRY ELEMENTS (KOHA)
Classification part EST 2024
Item part C564
Source of classification or shelving scheme Dewey Decimal Classification
Koha item type Trabajos de grado
Existencias
Withdrawn status Lost status Damaged status Not for loan Collection Home library Current library Shelving location Date acquired Cost, normal purchase price Inventory number Total checkouts Full call number Barcode Date last seen Price effective from Koha item type
        Trabajos de grado Miguel Henríquez Emiliani Miguel Henríquez Emiliani Trabajo de grado 09/23/2018 35000.00 025472   EST 2024 C564 025472 04/05/2025 04/05/2025 Trabajos de grado